| 000 | 00369cam a2200145 a 4500 | ||
|---|---|---|---|
| 020 | _a156627281 | ||
| 050 | 0 | 0 |
_aK3165 _b.J2 |
| 100 | _aJackson, Vicki C. | ||
| 245 | 0 | 0 |
_aComparative constitutional law : _c Vicki C. Jackson, Mark Tushnet |
| 260 |
_aNew York: _bFoundation, _c1999. |
||
| 300 | _a1507p.: | ||
| 650 | 0 | _vLaw. | |
| 700 | 1 | _a Tushnet, Mark | |
| 942 |
_2lcc _cGEN |
||
| 999 |
_c6871 _d6871 |
||